000 00232 a2200109 4500
001 50997
040 _cAnchieta - Pituba
240 1 0 _aOficina de música 2006
_l
245 1 0 _aOficina de música 2006
650 4 _aMúsica
942 _cMX
999 _c50997
_d50997